The Unification of Germany - Statistics

General Stats
  • This quiz has been taken 38 times
  • The average score is 9 of 14
Answer Stats
Hint Answer % Correct
Which German state was the primary architect of the unification? Prussia
97%
Who was nicknamed the "Iron Chancellor", responsible for masterminding the unification? Otto von Bismarck
93%
What was the name of the French Emperor captured in the above battle? Napoleon III
90%
Who was proclaimed German Kaiser in that same year? Wilhelm I
80%
In what year was the German Empire declared? 1871
77%
The Iron Chancellor argued that the great questions of the day would be decided not by speeches and majority resolutions, but by what two things? Iron and {Blood}
77%
What were the three countries that Prussia went to war with to achieve unification? {Denmark}, Austria & France
73%
Which region was fought over between Prussia, Austria & Denmark in 1864? Schleswig-Holstein
73%
Which religious group did Kulturkampf target following the unification? Catholics
70%
The Lesser German solution was achieved following the unification, which meant the unification of Germany without ______ Austria
63%
Which disputed region of France would be annexed by Germany before being returned after WWI and again after WWII? Alsace-Lorraine
60%
What was the political philosophy famously practiced by the Iron Chancellor, emphasizing pragmatism over ideology? Realpolitik
40%
Which decisive battle in the Franco-Prussian War led to Germany’s victory over France and the capture of the French emperor? Battle of Sedan
23%
Who was Chief of Staff of the Prussian Army during the German Unification wars? (Hint: Shares the same name as his nephew who would hold the same position in WWI) Helmuth von Moltke
20%
No matching quizzes found
Score Distribution
Percent of People with Each Score
Percentile by Number Answered
Your Score History
You have not taken this quiz